Normal view
MARC view
- Adil,Ahmadah Zehra,Aliyya, & Rizvi,Farwah
Entry Personal Name
001 - CONTROL NUMBER
- control field: 5142
003 - CONTROL NUMBER IDENTIFIER
- control field: NUST
005 - DATE AND TIME OF LATEST TRANSACTION
- control field: 20171002160516.0
008 - FIXED-LENGTH DATA ELEMENTS
- fixed length control field: 171002|| aca||aabn | a|a d
040 ## - CATALOGING SOURCE
- Original cataloging agency: NUST
- Transcribing agency: NUST
100 ## - HEADING--PERSONAL NAME
- Personal name: Adil,Ahmadah Zehra,Aliyya, & Rizvi,Farwah
670 ## - SOURCE DATA FOUND
- Source citation: Work cat.: (NUST): Adil,Ahmadah Zehra,Aliyya, & Rizvi,Farwah, Pressfredom: a short film, 2016
